All Tool Songs - Statistics

General Stats
  • This quiz has been taken 9 times
  • The average score is 26 of 59
Answer Stats
Hint Answer % Correct
Undertow 4 Degrees
83%
Aenima H.
83%
Lateralus Lateralus
83%
Undertow Prison sex
83%
Lateralus Schism
83%
Aenima Aenema
67%
Aenima Eulogy
67%
Aenima Hooker With a Penis
67%
Undertow Intolerance
67%
10,000 Days Jambi
67%
Lateralus Parabol
67%
Lateralus Parabola
67%
Fear Inoculum Pneuma
67%
10,000 Days Right In Two
67%
10,000 Days Rosetta Stoned
67%
Undertow Sober
67%
10,000 Days The Pot
67%
10,000 Days Vicarious
67%
Fear Inoculum 7empest
50%
Undertow Bottom
50%
Undertow Disgustipated
50%
Lateralus Disposition
50%
Lateralus Eon Blue Apocalypse
50%
Aenima Forty Six and 2
50%
Aenima Intermission
50%
Aenima (-) Ions
50%
Aenima Jimmy
50%
Aenima Stinkfist
50%
Lateralus The Grudge
50%
Lateralus The Patient
50%
Aenima Third Eye
50%
Lateralus Ticks and Leeches
50%
Undertow Undertow
50%
10,000 Days 10,000 Days (Wings Pt 2)
33%
Fear Inoculum Chocolate Chip Trip
33%
Fear Inoculum Fear Inoculum
33%
10,000 Days Intension
33%
Fear Inoculum Invincible
33%
Lateralus Mantra
33%
Aenima Message to Harry Manback
33%
Aenima Pushit
33%
Lateralus Reflection
33%
Undertow Swamp Song
33%
Lateralus Triad
33%
Aenima Useful Idiot
33%
10,000 Days Viginti Tres
33%
Undertow Crawl Away
17%
Fear Inoculum Descending
17%
Lateralus Faaip De Oiad
17%
Undertow Flood
17%
Fear Inoculum Mockingbeat
17%
10,000 Days Wings For Marie (Pt 1)
17%
Aenima Cesaro Summability
0%
Fear Inoculum Culling Vocies
0%
Aenima Die Eier won Satan
0%
Fear Inoculum Legion Inoculant
0%
10,000 Days Lipan Conjuring
0%
Fear Inoculum Litanies contre la Peur
0%
10,000 Days Lost Keys (Blame Hofman)
0%
No matching quizzes found
Score Distribution
Percent of People with Each Score
Percentile by Number Answered
Your Score History
You have not taken this quiz